[Event "Bialystok Zamenhof Memorial 38th"]
[Site "Bialystok"]
[Date "2019.12.30"]
[Round "7"]
[White "Paszkowski, Krystian"]
[Black "Pettersson, Alexander"]
[Result "0-1"]
[WhiteElo "1950"]
[BlackElo "2016"]
[PlyCount "78"]
[EventDate "2019.12.27"]
[EventType "swiss"]
[EventRounds "9"]
[EventCountry "POL"]
[SourceTitle "CBM 194 Extra"]
[Source "ChessBase"]
[SourceDate "2020.03.31"]
[SourceVersion "1"]
[SourceVersionDate "2020.03.31"]
[SourceQuality "1"]

1. c4 Nf6 2. g3 e6 3. Nf3 d5 4. b3 Be7 5. Bg2 0-0 6. 0-0 b6 7. Bb2 Bb7 8. Ne5 Qc8 9. d4 dxc4 10. Nxc4 Bxg2 11. Kxg2 Qb7+ 12. f3 Rd8 13. Qc2 Nbd7 14. e4 c5 15. Nbd2 b5 16. Ne5 Rac8 17. Nxd7 Qxd7 18. d5 exd5 19. e5 Ne8 20. f4 f6 21. Rae1 d4 22. Ne4 Qd5 23. Rf3 c4 24. bxc4 bxc4 25. exf6 Bxf6 26. Nxf6+ Nxf6 27. Re5 Qb7 28. Ba3 Ng4 29. Re7 Ne3+ 30. Rexe3 dxe3 31. Bc1 Re8 32. Qe2 c3 33. f5 c2 34. Kg1 Qxf3 35. Qxf3 e2 36. Bd2 c1Q+ 37. Bxc1 e1Q+ 38. Kg2 Rxc1 39. Qb3+ Kh8 0-1

[Event "Bialystok Zamenhof Memorial 38th"]
[Site "Bialystok"]
[Date "2019.12.29"]
[Round "6"]
[White "Pettersson, Alexander"]
[Black "Kumala, Aleksander"]
[Result "1/2-1/2"]
[WhiteElo "2016"]
[BlackElo "2218"]
[PlyCount "57"]
[EventDate "2019.12.27"]
[EventType "swiss"]
[EventRounds "9"]
[EventCountry "POL"]
[SourceTitle "CBM 194 Extra"]
[Source "ChessBase"]
[SourceDate "2020.03.31"]
[SourceVersion "1"]
[SourceVersionDate "2020.03.31"]
[SourceQuality "1"]

1. d4 e6 2. c4 b6 3. Nc3 Bb7 4. e3 f5 5. f3 Nf6 6. Bd3 Be7 7. Nge2 0-0 8. 0-0 Nc6 9. a3 a5 10. b3 Nh5 11. Qc2 Bg5 12. f4 Bh6 13. Bb2 Qh4 14. d5 Ne7 15. Nd4 Nf6 16. Rf3 Qh5 17. Rh3 Qf7 18. dxe6 dxe6 19. Ncb5 Rac8 20. Nf3 Ng6 21. Nh4 Ng4 22. Be2 Nxh4 23. Rxh4 Nxe3 24. Qc3 Qg6 25. g3 Ng4 26. Bf3 Bxf3 27. Qxf3 Nf6 28. Be5 Rfd8 29. Na7 1/2-1/2

[Event "Warsaw Najdorf Memorial op-A 17th"]
[Site "Warsaw"]
[Date "2019.07.12"]
[Round "7"]
[White "Adamczyk, Zuzanna"]
[Black "Pettersson, Alexander"]
[Result "0-1"]
[WhiteElo "1900"]
[BlackElo "2083"]
[PlyCount "72"]
[EventDate "2019.07.06"]
[EventType "swiss"]
[EventRounds "9"]
[EventCountry "POL"]
[SourceTitle "EXT 2021"]
[Source "ChessBase"]
[SourceDate "2020.10.23"]
[SourceVersion "1"]
[SourceVersionDate "2020.10.23"]
[SourceQuality "1"]

1. e4 c6 2. d4 d5 3. Nd2 dxe4 4. Nxe4 Nd7 5. Nf3 Ngf6 6. Ng3 e6 7. Bd3 c5 8. c3 Be7 9. 0-0 0-0 10. Qe2 b6 11. Ne4 Bb7 12. dxc5 Nxc5 13. Nxc5 Bxc5 14. Bf4 Qd5 15. Be5 Ng4 16. Bc4 Qe4 17. Bg3 Rad8 18. Rad1 h6 19. h3 Nf6 20. Be5 Qf5 21. Nd4 Qg6 22. Nf3 Ne4 23. Bd4 Bxd4 24. cxd4 Nf6 25. Bd3 Qh5 26. Ne5 Qh4 27. f4 Kh8 28. Bg6 Kg8 29. Nxf7 Rxf7 30. Qxe6 Rdf8 31. d5 Qg3 32. Rf3 Qxg6 33. f5 Qg5 34. Kh2 Bxd5 35. Rxd5 Nxd5 36. Qxd5 Kh8 0-1

[Event "Warsaw Najdorf Memorial op-A 17th"]
[Site "Warsaw"]
[Date "2019.07.10"]
[Round "5"]
[White "Kokoszczynski, Jan"]
[Black "Pettersson, Alexander"]
[Result "1-0"]
[WhiteElo "2238"]
[BlackElo "2083"]
[PlyCount "81"]
[EventDate "2019.07.06"]
[EventType "swiss"]
[EventRounds "9"]
[EventCountry "POL"]
[SourceTitle "CBM 191 Extra"]
[Source "ChessBase"]
[SourceDate "2019.09.30"]
[SourceVersion "1"]
[SourceVersionDate "2019.09.30"]
[SourceQuality "1"]

1. e4 c6 2. d4 d5 3. exd5 cxd5 4. Bd3 Nc6 5. c3 Qc7 6. Ne2 Bg4 7. 0-0 e6 8. Qe1 Bxe2 9. Qxe2 Bd6 10. f4 Nge7 11. g3 g6 12. Nd2 h5 13. Nf3 Nf5 14. Bd2 Kf8 15. Rae1 Kg7 16. Ne5 a6 17. Qg2 b5 18. b4 Nce7 19. Rf2 Rac8 20. Qf1 Rb8 21. Qg2 Qa7 22. a3 a5 23. Qf1 Qb7 24. bxa5 Bxa3 25. Ra1 b4 26. Be1 Qa7 27. Rfa2 Rhc8 28. Rb1 bxc3 29. Rxb8 Qxb8 30. Rxa3 Qb2 31. Rxc3 Rxc3 32. Bxc3 Qxc3 33. a6 Qxd4+ 34. Qf2 Qa1+ 35. Kg2 d4 36. Kh3 Ne3 37. Qf3 f6 38. Qb7 N3f5 39. Bxf5 exf5 40. Qxe7+ Kh8 41. Qxf6+ 1-0

[Event "Warsaw Najdorf Memorial op-A 17th"]
[Site "Warsaw"]
[Date "2019.07.09"]
[Round "4"]
[White "Pettersson, Alexander"]
[Black "Godzwon, Iwo"]
[Result "0-1"]
[WhiteElo "2083"]
[BlackElo "2285"]
[PlyCount "102"]
[EventDate "2019.07.06"]
[EventType "swiss"]
[EventRounds "9"]
[EventCountry "POL"]
[SourceTitle "CBM 191 Extra"]
[Source "ChessBase"]
[SourceDate "2019.09.30"]
[SourceVersion "1"]
[SourceVersionDate "2019.09.30"]
[SourceQuality "1"]

1. d4 Nf6 2. c4 e6 3. Nf3 c5 4. d5 b5 5. Bg5 exd5 6. cxd5 h6 7. Bxf6 Qxf6 8. Qc2 d6 9. e4 a6 10. a4 b4 11. Be2 Nd7 12. Nbd2 g5 13. Nc4 Bg7 14. a5 0-0 15. 0-0 Qe7 16. Rae1 Bb7 17. Nfd2 Ne5 18. f4 Ng6 19. fxg5 hxg5 20. Bg4 Ne5 21. Bf5 Nxc4 22. Nxc4 Bd4+ 23. Kh1 Kg7 24. Qd1 Rad8 25. Qg4 Rh8 26. g3 f6 27. Be6 Bc8 28. Bxc8 Rxc8 29. Rf5 Rcd8 30. Ref1 Rh6 31. Kg2 Re8 32. Re1 Rg6 33. b3 Rh8 34. Rh1 Rh4 35. gxh4 gxh4 36. Qxg6+ Kxg6 37. Kf3 Qf8 38. h3 Qh6 39. Re1 Kf7 40. Kg4 Qg6+ 41. Kf3 Qg3+ 42. Ke2 Qxb3 43. Nxd6+ Ke7 44. Nc8+ Kd8 45. Nb6 Qe3+ 46. Kf1 Qxh3+ 47. Ke2 Qg2+ 48. Kd1 b3 49. Re2 Qg1+ 50. Re1 b2 51. Rxg1 b1Q+ 0-1

[Event "Warsaw Najdorf Memorial op-A 17th"]
[Site "Warsaw"]
[Date "2019.07.07"]
[Round "2"]
[White "Pettersson, Alexander"]
[Black "Romanishin, Oleg M"]
[Result "0-1"]
[WhiteElo "2083"]
[BlackElo "2443"]
[PlyCount "86"]
[EventDate "2019.07.06"]
[EventType "swiss"]
[EventRounds "9"]
[EventCountry "POL"]
[SourceTitle "CBM 191 Extra"]
[Source "ChessBase"]
[SourceDate "2019.09.30"]
[SourceVersion "1"]
[SourceVersionDate "2019.09.30"]
[SourceQuality "1"]

1. d4 Nf6 2. c4 e6 3. Nf3 Bb4+ 4. Nbd2 b6 5. a3 Bxd2+ 6. Bxd2 Bb7 7. Bg5 d6 8. e3 Nbd7 9. Be2 h6 10. Bh4 g5 11. Bg3 Ne4 12. d5 e5 13. Nd2 Ndf6 14. Bd3 Nxd2 15. Qxd2 Qe7 16. Bf5 Bc8 17. Qc2 Bd7 18. b4 e4 19. Bxd7+ Nxd7 20. 0-0 0-0 21. f4 exf3 22. Rxf3 Ne5 23. Bxe5 Qxe5 24. Raf1 Kg7 25. Qf2 f6 26. Rf5 Qc3 27. h4 Rae8 28. hxg5 hxg5 29. e4 Qxc4 30. Qb2 Re5 31. Qf2 Rxf5 32. Qxf5 Qd4+ 33. Rf2 Rf7 34. g3 Qa1+ 35. Kg2 Qxa3 36. Rf1 Qb2+ 37. Kf3 Qc3+ 38. Kg4 Qe5 39. Qf3 Re7 40. Re1 a5 41. bxa5 bxa5 42. Qf1 a4 43. Kf3 f5 0-1

[Event "Stockholm Elo Challenge"]
[Site "Stockholm"]
[Date "2019.06.01"]
[Round "5"]
[White "Willinger, Tim"]
[Black "Pettersson, Alexander"]
[Result "0-1"]
[WhiteElo "2073"]
[BlackElo "2045"]
[PlyCount "166"]
[EventDate "2019.05.29"]
[EventType "swiss"]
[EventRounds "7"]
[EventCountry "SWE"]
[SourceTitle "CBM 190 Extra"]
[Source "ChessBase"]
[SourceDate "2019.07.15"]
[SourceVersion "1"]
[SourceVersionDate "2019.07.15"]
[SourceQuality "1"]

1. e4 c6 2. d4 d5 3. exd5 cxd5 4. c4 Nf6 5. Nc3 e6 6. Nf3 Be7 7. cxd5 Nxd5 8. Bc4 Nxc3 9. bxc3 Nc6 10. 0-0 0-0 11. Re1 Bd7 12. Bd3 Rc8 13. Bc2 Qc7 14. Qd3 g6 15. Bh6 Rfd8 16. Bg5 f6 17. Bd2 Nb4 18. cxb4 Qxc2 19. Qxc2 Rxc2 20. Rec1 Rdc8 21. a3 Kf7 22. Kf1 Bb5+ 23. Ke1 Ke8 24. Be3 Rxc1+ 25. Rxc1 Rxc1+ 26. Bxc1 Kd7 27. Kd2 Kc6 28. Kc3 Kd5 29. Be3 Bf1 30. g3 a5 31. Nd2 axb4+ 32. axb4 Bb5 33. Kb3 Bd8 34. Nb1 Bc4+ 35. Kc3 g5 36. Nd2 Be2 37. Nb3 b6 38. Nd2 Be7 39. Kb3 h6 40. Nb1 Bd1+ 41. Kc3 Bd6 42. Nd2 Be2 43. f3 f5 44. Bg1 Be7 45. Be3 Bf6 46. Bf2 h5 47. Be3 h4 48. Bf2 hxg3 49. hxg3 Bg7 50. Be3 Bf6 51. Bf2 Bd8 52. Be3 Be7 53. Bf2 Bd6 54. Be3 Bxg3 55. Bxg5 Bf2 56. Bf6 Be1 57. Be5 Bxf3 58. Kd3 Be4+ 59. Ke2 Bh4 60. Ke3 Bg5+ 61. Ke2 Be7 62. b5 Bb4 63. Ke3 Bc2 64. Bc7 Ba5 65. Nf3 Ba4 66. Nh4 Bxb5 67. Ng6 Kc6 68. Be5 Bb4 69. Nf4 Bc4 70. Bf6 Bd6 71. Ng6 Ba2 72. Ne7+ Kd7 73. Ng6 b5 74. Ne5+ Kc7 75. Kd3 b4 76. Bg5 Bd5 77. Bc1 Kb6 78. Ke3 Kb5 79. Kd3 Ka4 80. Kc2 b3+ 81. Kc3 Bb4+ 82. Kd3 Ba3 83. Kd2 b2 0-1

[Event "Stockholm Elo Challenge"]
[Site "Stockholm"]
[Date "2019.05.30"]
[Round "3"]
[White "Sjostrand, Joel"]
[Black "Pettersson, Alexander"]
[Result "0-1"]
[WhiteElo "1977"]
[BlackElo "2045"]
[PlyCount "100"]
[EventDate "2019.05.29"]
[EventType "swiss"]
[EventRounds "7"]
[EventCountry "SWE"]
[SourceTitle "CBM 190 Extra"]
[Source "ChessBase"]
[SourceDate "2019.07.15"]
[SourceVersion "1"]
[SourceVersionDate "2019.07.15"]
[SourceQuality "1"]

1. c4 e6 2. g3 d5 3. Bg2 Nf6 4. Nf3 Be7 5. 0-0 0-0 6. b3 c6 7. Bb2 b6 8. d3 Bb7 9. Nbd2 c5 10. cxd5 Bxd5 11. Nc4 Nbd7 12. Qc2 b5 13. Ne3 Bb7 14. a4 a6 15. axb5 axb5 16. Rxa8 Bxa8 17. Ra1 Qb6 18. Qc3 Bb7 19. Ng4 Ra8 20. Rxa8+ Bxa8 21. Nxf6+ Nxf6 22. Ne5 Bxg2 23. Kxg2 Qb7+ 24. e4 Qa8 25. Nd7 Qa7 26. Nxf6+ Bxf6 27. Qc1 Bxb2 28. Qxb2 f6 29. b4 Kf7 30. Qc3 cxb4 31. Qxb4 Qa4 32. Qd6 b4 33. h4 Qb5 34. g4 Qb7 35. Qd4 b3 36. Qb2 Qb4 37. h5 Qb5 38. Qb1 b2 39. Kf3 Qb3 40. Ke2 Ke7 41. Kd2 Kd6 42. f4 e5 43. g5 fxg5 44. fxe5+ Kxe5 45. Ke2 g4 46. Kf2 Kd4 47. Ke2 Kc5 48. e5 Kb4 49. d4 Qf3+ 50. Kd2 Qf2+ 0-1